Sentido de coherencia y salud en personas adultas mayores autopercibidas como sanas /
Gespeichert in:
| 1. Verfasser: | |
|---|---|
| Weitere Verfasser: | , |
| Format: | Text |
| Tags: |
Tag hinzufügen
Keine Tags, Fügen Sie den ersten Tag hinzu!
|
MARC
| LEADER | 00000 a a2200000 04500 | ||
|---|---|---|---|
| 001 | 46630 | ||
| 003 | |||
| 040 | |||
| 100 | |a Hernández Zamora, Zoila Edith | ||
| 245 | |a Sentido de coherencia y salud en personas adultas mayores autopercibidas como sanas / |c Zoila Edith Hernández Zamora, Yamilet Ehrenzweig Sánchez, Liliana Yépez Olvera | ||
| 700 | |a Ehrenzweig Sánchez, Yamilet | ||
| 700 | |a Yépez Olvera, Liliana | ||
| 773 | |g volumen29, número43 (2010), páginas 17-34 | ||
| 999 | |c 22836 |d 22836 | ||
